O céu cai-lhe em cima da cabeça (Registo nº 1742)
[ vista simples ]
| 000 -Etiqueta do registo | |
|---|---|
| Cabeçalho | 00949nam a22002891 4500 |
| 005 - Identificador da versão | |
| Campo de controlo | 20240823164603.0 |
| 010 ## - Número internacional normalizado dos livros (ISBN) | |
| Número (ISBN) | 9724144186 |
| 021 ## - Número do Depósito Legal | |
| Código do país | PT |
| Número | 230312/05 |
| 100 ## - Dados gerais de processamento | |
| Dados gerais de processamento | 20070502d2005 cday0pory5003 ba |
| 101 1# - Língua de publicação | |
| Língua do texto, banda sonora, etc. | Português |
| Língua do documento no original | Francês |
| 102 ## - Pais de publicação ou produção | |
| País de publicação | Portugal |
| 105 ## - Campo de dados codificados: livros | |
| Dados codificados dos livros | a t 000zy |
| 106 ## - Campo de dados codificados: material textual | |
| Dados codificados do material textual | r |
| 200 1# - Titulo e menção de responsabilidade | |
| Título próprio | O céu cai-lhe em cima da cabeça |
| Primeira menção de responsabilidade | texto e desenhos de Albert Uderzo |
| Outras menções de responsabilidade | trad. Maria José Magalhães Pereira, Paula Caetano |
| 205 ## - Menção da edição | |
| Menção da edição | 1ª ed |
| 210 ## - Publicação, Distribuição, etc. | |
| Lugar da edição, distribuição, etc. | Porto |
| Nome do editor, distribuidor, etc. | Asa |
| Data da publicação, distribuição, etc. | 2005 |
| 215 ## - Descrição física | |
| Indicação específica da natureza do documento e extensão da espécie | 47, [2] p. |
| Outras indicações físicas | todo il. |
| Dimensões | 30 cm |
| 225 2# - Colecção | |
| Título próprio da colecção | Uma aventura de Astérix |
| Menção de responsabilidade relativa à colecção | R. Goscinny e A. Uderzo |
| Indicação de volume | 33 |
| 304 ## - Notas relativas a título e menção de responsabilidade | |
| Texto da nota | Tít. orig.: Le ciel lui tombe sur la tête |
| 606 ## - Nome comum usado como assunto | |
| Número de registo de entrada de autoridade | 0000226 |
| Palavra de ordem | Literatura estrangeira infanto-juvenil |
| Subdivisão de assunto | Banda desenhada |
| 675 ## - Classificação Decimal Universal (CDU) | |
| Notação | 82-9 |
| Edição | 2ª |
| Língua da edição | por |
| 700 #1 - Nome de autor-pessoa física (responsabilidade principal) | |
| Número de registo de entrada de autoridade | 0000228 |
| Palavra de ordem | Uderzo |
| Outra parte do nome não tomada para palavra de ordem | Albert |
| Datas | 1927- |
| 702 #1 - Nome de autor-pessoa física (responsabilidade secundária) | |
| Número de registo de entrada de autoridade | 0000234 |
| Palavra de ordem | Caetano |
| Outra parte do nome não tomada para palavra de ordem | Paula |
| Código de função | Tradutor |
| Número de registo de entrada de autoridade | 0000235 |
| Palavra de ordem | Pereira |
| Outra parte do nome não tomada para palavra de ordem | Maria José Magalhäes |
| Código de função | Tradutor |
| 942 ## - Elementos de entrada adicionados (Koha) | |
| Tipo de item no Koha | Livro |
| Situação do levantamento | Origin of item (home branch) (coded) | Biblioteca de empréstimo | Código de barras | Cota | Circulation type (not for loan) | Tipo de documento | Nota do exemplar | Damaged status |
|---|---|---|---|---|---|---|---|---|
| Biblioteca Escolar da Coca Maravilhas | Biblioteca Escolar da Coca Maravilhas | BECM7247/06 | 8BD AST | Livro | Sem mensagem |
